000 00793nam a2200229Ia 4500
001 17717
003 GE_BSU
008 181216s||||||||xx |||||||||||||| ||und||
020 _a9789941459320
040 _cGE_BSU
080 _a712(479.22)
100 _aბენიძე, ე., ოჩხიკიძე, ი., ტყავაძე, მ.
245 _aლანდშაფტური ხელოვნება
245 _cრედ.:მ.კურდღელაია
260 _aქუთაისი
260 _bაკაკი წერეთლის სახ. უნ-ტი
260 _c2014
300 _a312 გვ. ილ.26სმ.
300 _eბიბლ.გვ.305
653 _aლანდშაფტური ხელოვნება
942 _cBK
999 _c50765
_d50765